| 000 | 00684cam a2200265 4500500 | ||
|---|---|---|---|
| 005 | 20260329002844.0 | ||
| 041 | _afre | ||
| 042 | _adc | ||
| 100 | 1 | 0 |
_aOrtoli, Sven _eauthor |
| 245 | 0 | 0 | _a1, 2, 3 genres |
| 260 | _c2014. | ||
| 500 | _a76 | ||
| 690 | _aAllemagne | ||
| 690 | _aChromosome | ||
| 690 | _aDiscrimination | ||
| 690 | _aGenre | ||
| 690 | _aHermaphroditisme | ||
| 690 | _aNeutre | ||
| 690 | _aSexe | ||
| 690 | _aTransgenre | ||
| 690 | _aXX | ||
| 690 | _aXY | ||
| 786 | 0 | _nPhilosophie magazine | 76 | 2 | 2014-02-01 | p. 4-4 | 1951-1787 | |
| 856 | 4 | 1 | _uhttps://shs.cairn.info/magazine-philosophie-magazine-2014-2-page-4?lang=fr&redirect-ssocas=7080 |
| 999 |
_c1819031 _d1819031 |
||